000 00993nam a2200277Ia 4500
003 OSt
005 20221005105800.0
006 a|||||r|||| 00| 0
007 ta
008 221004b |||||||| |||| 00| 0 hin d
020 _a8171380530 (hbk)
_c300
024 _a8541
037 _b282, 08/01/2014, Eastern Book Linkers
_cTextual
040 _aCRL
_cCRL
_bhin
041 _2hin
_ahin
082 _aT:3(4), 152P9
100 _aमोहन, अरविन्द
245 0 _aपत्रकार और पत्रकारिता प्रशिक्षण
246 _aPatrakār aur patrakāritā prashikṣhaṇa
260 _aनई दिल्ली
_bसामयिक प्रकाशन
_c2009
300 _a224पृ0
_ccm.
490 _aFYUP Journalism DC-1
650 _aशिक्षण
942 _hT:3(4), 152P9
_cTEXL
_2cc
999 _c1016892
_d1016892